Naturaleza del Parlamento Centroamericano

Da a conocer las funciones del Parlamento Centroamericano, el cual se relaciona con los análisis políticos, sociales, económicos y culturales, con el fin de lograr la convivencia pacífica dentro de un marco de seguridad y bienestar social. Dicho parlamento se fundamenta en una democracia representat...

ver descrição completa

Na minha lista:
Detalhes bibliográficos
Formato: Texto
Assuntos:
Tags: Adicionar Tag
Sem tags, seja o primeiro a adicionar uma tag!

MARC

LEADER 00000 a a2200000 04500
001 5100
003
040
245 |a Naturaleza del Parlamento Centroamericano  
520 |a Da a conocer las funciones del Parlamento Centroamericano, el cual se relaciona con los análisis políticos, sociales, económicos y culturales, con el fin de lograr la convivencia pacífica dentro de un marco de seguridad y bienestar social. Dicho parlamento se fundamenta en una democracia representativa y participativa, así como en el pluralismo y en el respeto a las legislaciones nacionales y el derecho internacional. Se establecen los mienbros que conformarán el parlamento , así como los requisitos para ser miembro  
650 |a POLITICA INTERNACIONAL  
650 |a CONDICIONES ECONOMICAS  
650 |a DEMOCRACIA  
650 |a PROBLEMAS SOCIALES  
650 |a CULTURA  
650 |a PARLAMENTO CENTROAMERICANO  
773 |g número 3; páginas 5-19  
999 |c 23855  |d 23855